000 00431nam a22001457a 4500
005 20180730162023.0
020 _a8172763247
_c270.00
035 _aB-128288, b-128287, B-128291
037 _aDPL
_bENG
100 _aRastogi, Pratibha
245 _aSri Krishna charitam /
_cby Pratibha Rastogi
260 _aMumbai
_bBharatiya Vidya Bhavan
_c2003
300 _axiii, 330p.
_c20 cms.
942 _2ddc
_cEN
_h230.31
_mRAS
999 _c64503
_d64503